| 000 | 00778nam a2200265 i 4500 | ||
|---|---|---|---|
| 003 | DO-SdBNP | ||
| 005 | 20240820121849.0 | ||
| 007 | ta | ||
| 008 | 240813b2024 sp |||| |||| 00| 0 spa d | ||
| 020 | _a9788412869163 | ||
| 040 |
_aDO-SdBNP _bspa _cBNPHU _erda |
||
| 082 |
_222 _bA452 |
||
| 100 |
_aAlmonte, Ana, _d1969- _943885 |
||
| 245 | 1 | 0 |
_aLuces de alfareros / _cAna Almonte |
| 264 | 1 |
_aEspaña : _bAraña, _c2024. |
|
| 300 |
_a289 páginas _c23 cm. |
||
| 336 |
_2rdacontent _atexto _btxt |
||
| 337 |
_2rdamedia _asin mediación _bn |
||
| 338 |
_2rdacarrier _avolumen _bnc |
||
| 490 | 1 |
_aTela de araña _v36 |
|
| 500 | _aIncluye datos biografícos de la autora en la solapa de la portada. | ||
| 590 | _aInventariado, 2024/ YL | ||
| 910 | _aYLockward | ||
| 942 |
_2ddc _cLBS1 |
||
| 999 |
_c57435 _d57435 |
||